From plan to market: world development report 1996
Guardado en:
| Format: | Bog |
|---|---|
| Sprog: | English |
| Udgivet: |
New York:
Oxford University Press
1996
|
| Tags: |
Tilføj Tag
Ingen Tags, Vær først til at tagge denne postø!
|
MARC
| LEADER | 00000nam a22000007a 4500 | ||
|---|---|---|---|
| 003 | cru CIDCACS/IIS | ||
| 005 | 20161103152318.0 | ||
| 007 | ta | ||
| 008 | 161103t1996 nyu||||| |||| 00| 0 eng d | ||
| 020 | |a 195211073 | ||
| 040 | |c cru CIDCACS/IIS | ||
| 090 | |a 02.01.01 W927f | ||
| 245 | 0 | |a From plan to market: |b world development report 1996 | |
| 260 | |a New York: |b Oxford University Press |c 1996 | ||
| 300 | |a 241 páginas: |b tablas, gráficos | ||
| 942 | |2 ddc |c LI | ||
| 999 | |c 18700 |d 18700 | ||
